| 000 | 00783nam a22001577a 4500 | ||
|---|---|---|---|
| 999 |
_c4549 _d235053 |
||
| 080 | _a349.44 F 315 | ||
| 100 |
_4aut _aFebbraro, Cintia Romina |
||
| 245 |
_aDerecho Urbanístico _bel Boom de los Emprendimientos urbanísticos. las Autorizaciones de excepción otorgadas por los MUnicipios en desmedro del Ambiente. |
||
| 300 | _a65 P. | ||
| 500 | _aDirector de tesis: Hutchinson, Tomás | ||
| 502 | _aTesis ( Especialización)--Universidad Nacional de Mar del Plata. Facultad de Derecho, Departamento de Posgrado, (S/ F). | ||
| 504 | _aTiene Bibliografía: P: 63- 65. | ||
| 650 |
_2IEDCYT _aderecho administrativo _aderecho urbaníitico _apoder de policia _aderechos de incidencia colectiva _aamparo colectivo _aautorizacion para construir |
||
| 945 |
_acd _d2017-08-02 |
||